| 000 | 00687nam a2200205 a 4500 | ||
|---|---|---|---|
| 001 | 000005439 | ||
| 005 | 20200929151659.0 | ||
| 008 | 090819s1984 es 001 spa d | ||
| 020 | _a8400057080 | ||
| 040 | _aDO-SdBNP | ||
| 082 |
_axxx _bS231h |
||
| 100 | 1 |
_aSanta María, Carmelo Saenz de _915453 |
|
| 245 | 1 | 0 |
_aHistoria de una historia : _bla crónica de Bernal Díaz del Castillo / _cCarmelo Saenz de Santa María. |
| 260 |
_aMadrid, : _bConsejo Superior de Investigaciones Científicas, _c1984. |
||
| 300 |
_a246 p. ; _c25 cm. |
||
| 440 | 0 |
_aTierra nueva e cielo nuevo _v14 _915388 |
|
| 500 | _aIncluye tabla de contenido | ||
| 500 | _aIncluye índice analítico | ||
| 049 | _aBNPD | ||
| 999 |
_c5239 _d5239 |
||